| 000 | 00768cam a22002292 4500 | ||
|---|---|---|---|
| 001 | 0000003363 | ||
| 005 | 20151217154337.0 | ||
| 008 | 070504s xx 000 0 eng d | ||
| 020 | _a9966977236 : | ||
| 040 |
_aKABU _cKABU |
||
| 050 | 0 |
_aJQ2947 _b.A91P65 |
|
| 245 | 1 | 4 |
_aThe Politics of transition in Kenya from KANU to NARC / _cedited by Walter O. Oyugi, Peter Wanyande, C. Odhiambo-Mbai. |
| 260 |
_aNairobi : _bHeinrich Boll Foundation, _c2003. |
||
| 300 | _a432 p. | ||
| 651 | 0 |
_aKenya _xPolitics and government _y2002. _@0000153236 |
|
| 700 | 1 |
_aOyugi, Walter O. _@0000153237 |
|
| 700 | 1 |
_aOdhiambo-Mbai, C. _@0000153238 |
|
| 700 | 1 |
_aWanyande, Peter. _@0000153239 |
|
| 908 | _a070504 | ||
| 950 | _@1 | ||
| 999 |
_c10655 _d10655 |
||